000 00265nam a22001217a 4500
008 260424b ||||| |||| 00| 0 eng d
041 _aeng
080 _a11.1
100 _a40
101 _aNgjarje
245 _aVezët e Vdekjes
_cBinak Kelmendi
942 _2udc
_cBK
999 _c60995
_d60995